000 00280nam a22001217a 4500
008 181101b xxu||||| |||| 00| 0 eng d
041 _aeng
080 _23TH
_a370
100 _a48
101 _aEDU
245 _aThe Bedford Handbook For Writers
_cDiana.H
942 _2udc
_cBK
999 _c51497
_d51497